00333nam a2200133 a 450000500170000000800410001705000170005810000290007524500330010426000380013744000060017565000090018165000090019020140414131909.0040601s19uu xx 00 eng d aERbEm7 2002 aAndersen, Hans Christian aThe emperor's new clothes /. aNew York :bThomas Nelson,c2002. a  a x  a x